00836nam a2200217 a 450000100100000000500170001000800410002702000150006803500200008304000230010304200140012608200200014010000650016024500540022526000310027930000200031050501920033058600560052265000180057865000220059600000792220200929154342.0970911s1995 cu 000 1 spa d a9592090947 a(OCoLC)36830243 aDO-SdBNPcFUGdDLC alccopycat aCu863.44bV648c1 aVidal, Guillermo,d1952-q(Guillermo de Jesús Vidal Ortiz)10aConfabulación de la araña /cGuillermo Vidal. aLa Habana :bUNION,c1995. a65 p. ;c19 cm.0 aEl señor Márquez -- Las polluelas -- Iceberg -- Hombre acostado en una cama -- El carabinero -- Adalberto Jicotea -- Los jefes se entienden bárbaro -- Confabulación de la araña. aPremio UNEAC cuento, 1990 Luis Felipe Rodríguez . 4aNovela cubana 4aLiteratura cubana